00465nam a2200169Ia 4500003000400000008004100004040001600045082001500061100001800076245006200094700002200156260005100178300001000229650001500239650001400254650002700268GCL140319s9999 xx 000 0 eng d aGCL / cGCL04a304.6bH I1 aJONES, MELRYN10aAN INTRODUCTION TO POPULATION GEOGRAPHY / cJONES, MELRYN1 aHORNBY, WILLIAM F a[S.N] : bCAMBRIDGE UNIVERSITY PRESS ، c1993 a172 P04aPOPULATION04aGEOGRAPHY04aPOPULATION - GEOGRAPHY